Mladí podnikatelé při startu využívají různé programy

Ťažkosti mladých podnikateľov s rozbiehaním podnikania. Pomoc mladým podnikateľom. Neformálne stretnutia so skúsenými podnikateľmi. Pomoc zo strany Asociácie malých a stredných podnikov a živnostníkov ČR. Projekt Svou cestou - Young business. Možnosť zháňania finančných prostriedkov - crowdfunding....

Full description

Saved in:
Bibliographic Details
Main Author: Tomíček, Zdeněk
Format: Book Chapter
Language:Czech
Subjects:
Tags: Add Tag
No Tags, Be the first to tag this record!

MARC

LEADER 00000naa a2200000 4500
001 0199643
005 20231211122245.1
041 0 |a cze 
044 |a CZ 
245 1 0 |a Mladí podnikatelé při startu využívají různé programy  |c Zdeněk Tomíček 
520 |a Ťažkosti mladých podnikateľov s rozbiehaním podnikania. Pomoc mladým podnikateľom. Neformálne stretnutia so skúsenými podnikateľmi. Pomoc zo strany Asociácie malých a stredných podnikov a živnostníkov ČR. Projekt Svou cestou - Young business. Možnosť zháňania finančných prostriedkov - crowdfunding. Erazmus pre mladých podnikateľov. Získavanie skúseností v medzinárodnom prostredí - European entrepreneurs campus. 
610 2 0 |a podnikanie 
610 2 0 |a podnikatelia 
610 2 0 |a podpora podnikania 
610 2 0 |a mládež 
610 2 0 |a financovanie 
610 2 0 |a projekty 
610 2 0 |a Česko 
100 1 |a Tomíček, Zdeněk